| 000 -CABECERA |
| Longitud fija campo de control |
00656nam a2200193 a 4500 |
| 001 - NÚMERO DE CONTROL |
| Número de control |
1675 |
| 003 - IDENTIFICADOR DEL NÚMERO DE CONTROL |
| Identificador del número de control |
CDMR |
| 005 - FECHA Y HORA DE LA ÚLTIMA TRANSACCIÓN |
| Fecha y hora de la última transacción |
20131128114201.0 |
| 008 - CÓDIGOS DE INFORMACIÓN DE LONGITUD FIJA |
| Códigos de información de longitud fija |
130130s2009||||||||||||||||||||||||||||d |
| 020 ## - NÚMERO INTERNACIONAL NORMALIZADO PARA LIBROS |
| Número Internacional Normalizado para Libros (ISBN) |
9788439380634 |
| 040 ## - FUENTE DE LA CATALOGACIÓN |
| Centro catalogador de origen |
CDMR |
| Lengua de catalogación |
cat |
| Centro transcriptor |
CDMR |
| 240 1# - TÍTULO UNIFORME |
| Título uniforme |
<a href="Informe de la comunicació a Catalunya">Informe de la comunicació a Catalunya</a> |
| 245 00 - MENCIÓN DE TÍTULO |
| Título |
Informe de la comunicació a Catalunya 2007-2008 |
| Mención de responsabilidad, etc. |
Miquel de Moragas i Spà...[et al.] (eds.) |
| 260 ## - PUBLICACIÓN, DISTRIBUCIÓN, ETC. (PIE DE IMPRENTA) |
| Lugar de publicación, distribución, etc. |
Barcelona |
| Fecha de publicación, distribución, etc. |
2009 |
| Nombre del editor, distribuidor, etc. |
Generalitat de Catalunya |
| 490 0# - MENCIÓN DE SERIE |
| Mención de serie |
Lexikon. |
| -- |
Informes |
| Designación de volumen o secuencia |
1 |
| 700 1# - PUNTO DE ACCESO ADICIONAL - NOMBRE DE PERSONA |
| 9 (RLIN) |
475 |
| Nombre de persona |
Moragas Spà, Miquel de |
| Término indicativo de función |
ed. |
| 710 2# - PUNTO DE ACCESO ADICIONAL - NOMBRE DE ENTIDAD |
| 9 (RLIN) |
1253 |
| Nombre de entidad o nombre de jurisdicción como elemento inicial |
Universitat Autònoma de Barcelona |
| Unidad subordinada |
-- Institut de la Comunicació |
| 942 ## - ENTRADA DE ELEMENTOS AGREGADOS (KOHA) |
| Koha [por defecto] tipo de item |
Monografies |
| Fuente de clasificaión o esquema |
|